US Cities by Most Workers - 500k+ - Very Easy - Statistics

General Stats
  • This quiz has been taken 11 times
  • The average score is 18 of 20
Answers on the Map
Answers color-coded by a green-red scale on the quiz's map according to % correct below.
 
Answer Stats
City Workers % Correct
Atlanta 550,913
100%
Austin 747,198
100%
Chicago 1,514,970
100%
Dallas 878,505
100%
Denver 546,705
100%
Houston 1,818,388
100%
Los Angeles 2,088,605
100%
Phoenix 888,989
100%
San Francisco 713,503
100%
Seattle 616,439
100%
Boston 642,040
89%
Columbus 519,989
89%
Indianapolis 545,105
89%
New York 4,727,365
89%
San Diego 903,171
89%
Charlotte 604,486
78%
Philadelphia 792,620
78%
San Antonio 829,168
78%
Washington 774,246
78%
Jacksonville 538,612
56%
No matching quizzes found
Score Distribution
Percent of People with Each Score
Percentile by Number Answered
Your Score History
You have not taken this quiz